Statistics for Movies with Geography Terms in the Title

Click here to take the quiz!

General Stats

  • This quiz has been taken 25,125 times
    (25,093 since last reset)
  • The average score is 16 of 24

Answer Stats

Movie % Correct
Beverly {Hill}s Cop
98%
Brokeback {Mountain}
97%
Sex and the {City}
95%
Deep Blue {Sea}
95%
{Ocean}'s 11
92%
A {River} Runs Through It
92%
{Lake} Placid
85%
No {Country} for Old Men
84%
Shutter {Island}
81%
Ice Age: {Continent}al Drift
78%
Enemy of the {State}
75%
The White {Cliff}s of Dover
72%
Creature from the Black {Lagoon}
64%
Dante's {Peak}
59%
{Cape} Fear
58%
Joe vs. the {Volcano}
50%
On Golden {Pond}
48%
August: Osage {County}
42%
Return of the {Swamp} Thing
39%
Islands in the {Stream}
38%
{Beach} Blanket Bingo
34%
In the {Valley} of Elah
33%
The {Delta} Force
27%
A {Prairie} Home Companion
27%

Score Distribution

Percentile by Number Answered

Percent of People with Each Score

Your Score History

You have not taken this quiz since the last reset